International marketing : (Record no. 12183)
[ view plain ]
| 000 -LEADER | |
|---|---|
| fixed length control field | 00919cam a22002898a 4500 |
| 001 - CONTROL NUMBER | |
| control field | 15098653 |
| 005 - DATE AND TIME OF LATEST TRANSACTION | |
| control field | 20161121114805.0 |
| 008 - FIXED-LENGTH DATA ELEMENTS--GENERAL INFORMATION | |
| fixed length control field | 071130s2008 enk b 001 0 eng |
| 010 ## - LIBRARY OF CONGRESS CONTROL NUMBER | |
| LC control number | 2007048946 |
| 020 ## - INTERNATIONAL STANDARD BOOK NUMBER | |
| International Standard Book Number | 9780415772617 (hardback) |
| 020 ## - INTERNATIONAL STANDARD BOOK NUMBER | |
| International Standard Book Number | 9780415772624 (pbk.) |
| 040 ## - CATALOGING SOURCE | |
| Original cataloging agency | DLC |
| Transcribing agency | DLC |
| 050 00 - LIBRARY OF CONGRESS CALL NUMBER | |
| Classification number | HF1416 |
| Item number | .O55 2008 |
| 082 00 - DEWEY DECIMAL CLASSIFICATION NUMBER | |
| Classification number | 658.84 |
| Edition number | 22 |
| Item number | ONK |
| 100 1# - MAIN ENTRY--PERSONAL NAME | |
| Personal name | Onkvisit, Sak. |
| 9 (RLIN) | 7493 |
| 245 10 - TITLE STATEMENT | |
| Title | International marketing : |
| Remainder of title | strategy and theory / |
| Statement of responsibility, etc | Sak Onkvisit & John J. Shaw. |
| 250 ## - EDITION STATEMENT | |
| Edition statement | 5th ed. |
| 260 ## - PUBLICATION, DISTRIBUTION, ETC. (IMPRINT) | |
| Place of publication, distribution, etc | Abingdon, Oxon ; |
| -- | New York : |
| Name of publisher, distributor, etc | Routledge, |
| Date of publication, distribution, etc | c2008. |
| 263 ## - PROJECTED PUBLICATION DATE | |
| Projected publication date | 0807 |
| 300 ## - PHYSICAL DESCRIPTION | |
| Extent | 710 p.: |
| Other physical details | ill.; |
| Dimensions | 24 cm. |
| 504 ## - BIBLIOGRAPHY, ETC. NOTE | |
| Bibliography, etc | Includes bibliographical references and indexes. |
| 650 #0 - SUBJECT ADDED ENTRY--TOPICAL TERM | |
| Topical term or geographic name as entry element | Export marketing |
| General subdivision | Management. |
| 9 (RLIN) | 7495 |
| 650 #0 - SUBJECT ADDED ENTRY--TOPICAL TERM | |
| 9 (RLIN) | 7494 |
| Topical term or geographic name as entry element | Export marketing |
| 700 1# - ADDED ENTRY--PERSONAL NAME | |
| Personal name | Shaw, John J. |
| 9 (RLIN) | 7496 |
| 942 ## - ADDED ENTRY ELEMENTS (KOHA) | |
| Source of classification or shelving scheme | Dewey Decimal Classification |
| Item type | Book - Borrowing |
| Withdrawn status | Item status | Source of classification or shelving scheme | Damaged status | Not for loan | Vendor | Home library | Current library | Shelving location | Date acquired | Source of acquisition | Cost, normal purchase price | Serial Enumeration / chronology | Total Checkouts | Total Renewals | Full call number | Barcode | Date last seen | Date last borrowed | Koha item type |
|---|---|---|---|---|---|---|---|---|---|---|---|---|---|---|---|---|---|---|---|
| Dewey Decimal Classification | Alahram | Central Library | Central Library | First floor | 05/07/2009 | 345.50 | 364 | 11 | 12 | 658.84 ONK | 000017213 | 15/07/2025 | 04/04/2018 | Book - Borrowing |